Statistics for Rhymes With Boat

Click here to take the quiz!

General Stats

  • This quiz has been taken 176 times
  • The average score is 18 of 22

Answer Stats

First LetterWord% Correct
BBoat
100%
GGoat
98%
NNote
96%
OOat
96%
QQuote
95%
CCoat
94%
CCoat
94%
MMoat
94%
TTote
93%
VVote
93%
FFloat
90%
DDote
89%
RRote
87%
GGloat
85%
BBloat
83%
MMote
82%
WWrote
81%
GGroat
68%
SStoat
62%
TThroat
54%
SSmote
45%
SShoat
28%

Score Distribution

Percentile by Number Answered

Percent of People with Each Score

Your Score History

You have not taken this quiz